| 000 | 00361nam a22001457a 4500 | ||
|---|---|---|---|
| 999 |
_c9161 _d9161 |
||
| 003 | OSt | ||
| 008 | 201118b ||||| |||| 00| 0 eng d | ||
| 100 | _aCorter, Ronald, Mcracjohn | ||
| 245 | _aRoutledge History of Literature in English | ||
| 250 | _a3rd | ||
| 260 |
_aN.D _bRoutledge _c2020 |
||
| 300 | _a605 | ||
| 650 | _aB.A.Hons English | ||
| 942 |
_2ddc _cBK _020 |
||